Statistiques concernant 30 Groupes de musique québécois

Cliquez ici pour prendre le quiz!

Statistiques générales

  • Ce quiz a été pris 136 fois
  • Le résultat moyen est 12 sur 30

Statistiques - réponses

Nom du membreRéponses (Groupe)% Correct
André FortinLes Colocs
80%
Karl TremblayLes cowboys fringants
71%
Boom DesjardinsLa chicane
68%
Patrick BourgeoisLes BB
68%
Michel RivardBeau dommage
64%
Serge FioriHarmonium
63%
Stéphane ArchambaultMes aïeux
61%
Mélanie BoulayLes soeurs Boulay
59%
Simon ProulxLes trois accords
59%
Sébastien Fréchette (Biz)Loco locass
57%
Louis-Jean CormierKarkwa
51%
Breen LeBoeufOffenbach
49%
Jonathan PainchaudOkoumé
47%
Steve VeilleuxKaïn
45%
Pierre BouvierSimple plan
45%
Rudy CayaVilain pingouin
43%
Claude BéginAlaclair ensemble
38%
Gilles GirardLes Classels
34%
Marc DéryZébulon
30%
Sébastien PlanteLes Respectables
25%
Jean-François BernatchezNoir silence
25%
Régine ChassagneArcade fire
24%
Richard DesjardinsAbbittibbi
23%
Mathieu LafontaineBleu jeans bleu
20%
Eric BeaudryLa bottine souriante
16%
Devon PortieljeHalf moon run
12%
Stephane YelleYelo Molo
12%
Alex MorisetteThe lost fingers
7%
Jérôme-Philippe Bélinga (Disoul)Dubmatique
4%
Alexander OrtizWe are wolves
4%

Distribution des résultats

Percentile par nombre de réponses

% des personnes avec chaque résultat

Votre développement - résultats

Vous n’avez pas pris ce quiz